000 03798cam a2200409 i 4500
001 17746889
003 OSt
005 20160422085056.0
008 130521s2013 dcua 000 0 eng d
010 _a 2013941001
020 _a9780309287340
020 _a0309287340
035 _a(OCoLC)ocn854758370
040 _aSEKU
042 _alccopycat
050 0 0 _aHT 391
_b.B4 2013
100 _aWessner, Charles W.
245 0 0 _aBest practices in state and regional innovation initiatives :
_bcompeting in the 21st century /
_cCharles W. Wessner, Editor; Committee on Competing in the 21st Century: Best Practice in State and Regional Innovation Initiatives ; Board on Science, Technology, and Economic Policy, Policy and Global Affairs ; National Research Council of the National Academies.
264 1 _aWashington, D. C. :
_bThe National Academies Press,
_c2013.
300 _axvi, 240 pages :
_billustrations ;
_c23 cm
336 _atext
_btxt
_2rdacontent
337 _aunmediated
_bn
_2rdamedia
338 _avolume
_bnc
_2rdacarrier
504 _aBibliography: pages 187-216.
505 0 _aPreface -- Executive Summary -- Innovation and Place-Based Economic Development -- Catalytic Role of Public Purpose Organizations -- Review of Selected State and Regional Practices -- Bibliography -- Annex A: Stanford and Silicon Valley -- Annex B: North Carolina's Research Triangle Park.
520 _a""Most of the policy discussion about stimulating innovation has focused on the federal level. This study focuses on the significant activity at the state level, with the goal of improving the public's understanding of key policy strategies and exemplary practices. Based on a series of workshops and conferences that brought together policymakers along with leaders of industry and academia in a select number of states, the study highlights a rich variety of policy initiatives underway at the state and regional level to foster knowledge based growth and employment. Perhaps what distinguishes this effort at the state level is most of all the high degree of pragmatism. Operating out of necessity, innovation policies at the state level often involve taking advantage of existing resources and recombining them in new ways, forging innovative partnerships among universities, industry and government organizations, growing the skill base, and investing in the infrastructure to develop new technologies and new industries. Many of these initiatives are being guided by leaders from the private sector and universities. The objective of Best Practices in State and Regional Innovation Initiatives: Competing in the 21st Century is not to do an empirical review of the inputs and outputs of various state programs. Nor is it to evaluate which programs are superior. Indeed, some of the notable successes, such as the Albany nanotechnology cluster, represent a leap of leadership, investment, and sustained commitment that has had remarkable results in an industry that is actively pursued by many countries. The study's goal is to illustrate the approaches taken by a variety of highly diverse states as they confront the increasing challenges of global competition for the industries and jobs of today and tomorrow."--Publisher's description
530 _aAlso available online.
650 0 _aRegional planning.
650 0 _aRegional economics.
650 0 _aTechnological innovations
_xEconomic aspects.
710 2 _aNational Research Council (U.S.),
_esponsoring body.
710 2 _aNational Academy of Sciences,
_esponsoring body.
710 2 _aNational Academy of Engineering,
_esponsoring body.
710 2 _aInstitute of Medicine (U.S.),
_esponsoring body.
856 4 1 _3National Academies Press
_uhttp://www.nap.edu/catalog.php?record_id=18364
942 _2lcc
_cGEN
999 _c12874
_d12874